<?xml version="1.0" encoding="UTF-8"?>
<record
    xmlns:xsi="http://www.w3.org/2001/XMLSchema-instance"
    xsi:schemaLocation="http://www.loc.gov/MARC21/slim http://www.loc.gov/standards/marcxml/schema/MARC21slim.xsd"
    xmlns="http://www.loc.gov/MARC21/slim">

  <leader>02174nam a2200313Ia 4500</leader>
  <controlfield tag="001">H5770</controlfield>
  <controlfield tag="003">IT-RoPAU</controlfield>
  <controlfield tag="008">130308s9999    xx            000 0 und d</controlfield>
  <datafield tag="040" ind1=" " ind2=" ">
    <subfield code="a">IT-RoPAU</subfield>
  </datafield>
  <datafield tag="040" ind1=" " ind2=" ">
    <subfield code="c">IT-RoPAU</subfield>
  </datafield>
  <datafield tag="041" ind1=" " ind2=" ">
    <subfield code="a">ITALIANO</subfield>
  </datafield>
  <datafield tag="100" ind1=" " ind2=" ">
    <subfield code="a">Simonelli Giorgio</subfield>
  </datafield>
  <datafield tag="100" ind1=" " ind2=" ">
    <subfield code="g">Codice Aut. SPICS: 14747</subfield>
  </datafield>
  <datafield tag="245" ind1=" " ind2=" ">
    <subfield code="a">Speciale tg. Forme e tecniche del giornalismo televisivo</subfield>
  </datafield>
  <datafield tag="245" ind1=" " ind2=" ">
    <subfield code="b">Speciale Tg. forme e Tecniche del Giornalismo Televisivo</subfield>
  </datafield>
  <datafield tag="250" ind1=" " ind2=" ">
    <subfield code="a">4a ed.</subfield>
  </datafield>
  <datafield tag="260" ind1=" " ind2=" ">
    <subfield code="a">NOVARA</subfield>
  </datafield>
  <datafield tag="260" ind1=" " ind2=" ">
    <subfield code="b">Interlinea</subfield>
  </datafield>
  <datafield tag="260" ind1=" " ind2=" ">
    <subfield code="c">2005 [1&#xB0; Ed.:1997 - Ed.Ling.Originale:1997]</subfield>
  </datafield>
  <datafield tag="300" ind1=" " ind2=" ">
    <subfield code="a">"344 p. (prefazione: no ; testo: 344 [pagine: 0-0])"</subfield>
  </datafield>
  <datafield tag="500" ind1=" " ind2=" ">
    <subfield code="a">"Telegiornale: Storia, Modelli, Funzioni di G. Simonelli. Tracce: Viaggio da Rimeditare di G. Tramontana; Parole del Tg di M. Caratti; quelli che ci Parlano, Nuova Identit&#xE0; Conduttore Tg di M. Deriu; telegiornali e palinsesti di P. Aroldi; Galassia Tg, Disseminazione del Tg tra Televisione, internet e telefonia mobile di N. Vittadini. Tg fuori dal Tg: Informazione sportiva Quotidiana di P. Abbiezzi; Economia Nei Tg di C. Pota; costume e Societa'Di G. Di Lauro; che Fai Ridi? Informazione, satira e Comicit&#xE0; in Strisciala notizia di F. Buscemi; rassegna Stampa e Metainformazione di G. Dainelli; un Tg Under 16, Il Gt ragazzi (Raitre) di L. Ogna; Tg e Altre Culture Din. Vittadini. Testimonianze: regole del Racconto di A.M.Valli; reti All News di E. Carelli; telegiornale Regionale, raccontare Proprio villaggio di E. Chiodi. Panoramiche Estere: 1 speciale Tg, telegiornale Tsi di E. Colomboe R. Benassi; Tg Francese di M. Villa; Informazione televisiva in Gb di E.Midolo; Tg in Germania di C. Valmachino; Tg in Spagna di E. Malinverno; Tgin Australia di C. Oreglia; Influenza Informazione televisiva Americana Suquella Italiana di E. Menduni. Appendici: Otto Film e mezzo Sul telegiornale di G. Simonelli; Telegiornale, Questo Sconosciuto, indicazioni bibliografiche di M. Deriu; I Direttori dei Tg Italiani"</subfield>
  </datafield>
  <datafield tag="650" ind1=" " ind2=" ">
    <subfield code="a">GENERI TELEVISIVI</subfield>
  </datafield>
  <datafield tag="650" ind1=" " ind2=" ">
    <subfield code="e">Codice materia Spics: 6960</subfield>
  </datafield>
  <datafield tag="700" ind1=" " ind2=" ">
    <subfield code="a">AA.VV.</subfield>
  </datafield>
  <datafield tag="700" ind1=" " ind2=" ">
    <subfield code="g">Codice Aut. SPICS: 12000</subfield>
  </datafield>
  <datafield tag="942" ind1=" " ind2=" ">
    <subfield code="c">BK</subfield>
  </datafield>
  <datafield tag="957" ind1=" " ind2=" ">
    <subfield code="7">1</subfield>
  </datafield>
  <datafield tag="999" ind1=" " ind2=" ">
    <subfield code="c">94129</subfield>
    <subfield code="d">94129</subfield>
  </datafield>
  <datafield tag="999" ind1=" " ind2=" ">
    <subfield code="g">1</subfield>
  </datafield>
  <datafield tag="952" ind1=" " ind2=" ">
    <subfield code="0">0</subfield>
    <subfield code="1">0</subfield>
    <subfield code="4">0</subfield>
    <subfield code="6">H_000000000000000_5770</subfield>
    <subfield code="7">1</subfield>
    <subfield code="a">SPICS</subfield>
    <subfield code="b">SPICS</subfield>
    <subfield code="d">2013-03-08</subfield>
    <subfield code="l">0</subfield>
    <subfield code="o">H5770</subfield>
    <subfield code="r">2013-03-08 00:00:00</subfield>
    <subfield code="w">2013-03-08</subfield>
    <subfield code="y">BK</subfield>
    <subfield code="z">Progressivo inserimento:  45095 /  N. Volumi: 1 Copie: 1  / data import: 1 marzo 2013 - By Epidotti, Trombetti, Vaglietti. </subfield>
  </datafield>
</record>
